La baja edad media: ¿espejismos mediterráneos o realidades atlánticas? (siglos XII-XIV)
Guardat en:
| Autor principal: | |
|---|---|
| Format: | Llibre |
| Idioma: | espanyol |
| Publicat: |
Madrid, España
EDAF
1976
|
| Col·lecció: | Nueva Historia del Mundo,
4 |
| Matèries: | |
| Etiquetes: |
Afegir etiqueta
Sense etiquetes, Sigues el primer a etiquetar aquest registre!
|
MARC
| LEADER | 00000nam a2200000 a 4500 | ||
|---|---|---|---|
| 001 | UCP9947 | ||
| 003 | CL-VaPUC | ||
| 005 | 20231102152106.0 | ||
| 008 | 000407e19760000SP |||||||||||||||||spa|d | ||
| 999 | |c 286727 |d 286725 | ||
| 020 | |a 8471661527 | ||
| 040 | |c Pontificia Universidad Católica de Valparaíso | ||
| 082 | 0 | 4 | |a 940.19 SIV 1976 |2 21 |
| 100 | 0 | |a Sivéry, Gérard |e author |9 440915 | |
| 245 | 1 | 3 | |a La baja edad media: |b ¿espejismos mediterráneos o realidades atlánticas? (siglos XII-XIV) |
| 260 | |a Madrid, España |b EDAF |c 1976 | ||
| 300 | |a 338 páginas | ||
| 490 | 0 | |a Nueva Historia del Mundo, |v 4 | |
| 583 | |a last modification |c 20000407 00:00:00 |k Rodrigo Vera | ||
| 600 | 0 | 7 | |a FELIPE IV |2 CL-VaPUC |9 378349 |
| 650 | 0 | |a Historia de Europa |y SIGLOS 13-15 |9 392003 | |
| 650 | 0 | |a Baja Edad Media |z EUROPA |9 400434 | |
| 650 | 7 | |a IGLESIA MEDIEVAL |2 CL-VaPUC |9 427220 |z EUROPA | |
| 650 | 7 | |a GUERRA DE LOS CIEN AÑOS |2 CL-VaPUC |9 440748 |z EUROPA | |
| 650 | 7 | |a EXPANSION EUROPEA |2 CL-VaPUC |9 440588 | |
| 650 | 0 | |a Imperio Bizantino |z EUROPA |9 315386 | |
| 852 | |a BIBCUR | ||
| 942 | |c BK |2 ddc | ||
| 945 | |d 20000407 00:00:00 |a rherrera | ||
| 952 | |0 0 |1 0 |2 ddc |4 0 |6 940_190000000000000_SIV_1976 |7 0 |8 A |9 332827 |a BIBHIS |b BIBHIS |d 2019-11-20 |i 1263412 |o 940.19 SIV 1976 |p 1263412 |r 2025-01-20 |t 1 |w 2019-11-20 |y BK |k HIS | ||
| 952 | |0 0 |1 0 |2 ddc |4 0 |6 940_190000000000000_SIV_1976 |7 0 |8 A |9 332828 |a BIBHIS |b BIBHIS |d 2019-11-20 |i 1263420 |o 940.19 SIV 1976 |p 1263420 |r 2025-01-20 |t 2 |w 2019-11-20 |y BK |k HIS | ||